书目信息 |
| 题名: |
世界近代史
|
|
| 作者: | ;上海师范大学《世界近代史》编写组 编 | |
| 分册: | 下册 | |
| 出版信息: | 上海 上海人民出版社 1974 |
|
| 页数: | 326页 | |
| 开本: | 20cm | |
| 丛书名: | ||
| 单 册: | ||
| 中图分类: | K14 | |
| 科图分类: | ||
| 主题词: | 世界史:近代史 | |
| 电子资源: | ||
| ISBN: | ||
| 000 | 00662nam0 2200193 450 | |
| 001 | 0663921015 | |
| 005 | 20060813174738.62 | |
| 010 | @dCNY0.84 | |
| 100 | @a20060813d1974 km y0chiy0120 ea | |
| 101 | 0 | @achi |
| 102 | @aCN@b310000 | |
| 200 | 1 | @a世界近代史@Ashi jie jin dai shi@h下册@f上海师范大学《世界近代史》编写组编@Fshang hai shi fan da xue《shi jie jin dai shi》bian xie zu bian |
| 210 | @a上海@c上海人民出版社@d1974 | |
| 215 | @a326页@d20cm | |
| 606 | 0 | @a世界史:近代史 |
| 690 | @aK14@v3 | |
| 711 | 0 | @a上海师范大学《世界近代史》编写组@Ashang hai shi fan da xue《shi jie jin dai shi》bian xie zu@4编 |
| 801 | 0 | @aCN@bPFT@c20060813 |
| 905 | @a10447@dK14@e137 | |
| 世界近代史.下册/上海师范大学《世界近代史》编写组编.-上海:上海人民出版社,1974 |
| 326页;20cm |
| ISBN :CNY0.84 |
| ● |
| 相关链接 |
|
|
|
|
正题名:世界近代史
索取号:K14/137
 
预约/预借
| 序号 | 登录号 | 条形码 | 馆藏地/架位号 | 状态 | 备注 |
| 1 | 0462218 | 204622186 | 密集书库/ [索取号:K14/137] | 在馆 |